All things dragons - Picture Quiz - Statistics

General Stats
  • This quiz has been taken 234 times
  • The average score is 9 of 16
Answer Stats
Picture Hint Answer % Correct
Insect Dragonfly
92%
Large species of monitor lizard {Komodo} Dragon
92%
Celtic nation Wales
91%
Dragonfruit
87%
Country Bhutan
80%
Board game Dungeons and Dragons
60%
Type of small lizard Common {flying} dragon
58%
Country Malta
56%
City coat of arms City of {London}
55%
Chinese imperial dynasty {Qing} Dynasty
49%
Well camouflaged fish Leafy {seadragon}
43%
Type of lizard {Bearded} dragon
38%
Mušḫuššu appear on the gate of this ancient city Babylon
36%
Flower Snapdragon
35%
Dragon from Norse mythology Níðhöggr
7%
Self-similar fractal mathematical pattern Dragon {Curve}
3%
No matching quizzes found
Score Distribution
Percent of People with Each Score
Percentile by Number Answered
Your Score History
You have not taken this quiz